Rejuvenating Korea: Policies for a Changing Society
Na minha lista:
| Formato: | Livro |
|---|---|
| Idioma: | inglês |
| Publicado em: |
Paris
OECD
2019
|
| Assuntos: | |
| Tags: |
Sem tags, seja o primeiro a adicionar uma tag!
|
MARC
| LEADER | 00000nam a2200000 4500 | ||
|---|---|---|---|
| 001 | 0267366 | ||
| 005 | 20221220065144.5 | ||
| 020 | |a 978-92-64-54179-5 | ||
| 041 | 0 | |a eng | |
| 044 | |a FR | ||
| 245 | 1 | 0 | |a Rejuvenating Korea: Policies for a Changing Society |
| 264 | 1 | |a Paris |b OECD |c 2019 | |
| 300 | |a 191 s. | ||
| 610 | 2 | 0 | |a politika rodinná |
| 610 | 2 | 0 | |a deti |
| 610 | 2 | 0 | |a rodina |
| 610 | 2 | 0 | |a práca |
| 610 | 2 | 0 | |a politika vzdelávania |
| 610 | 2 | 0 | |a pôrodnosť |
| 610 | 2 | 0 | |a porovnanie štatistické medzinárodné |
| 610 | 2 | 0 | |a Kórea |